[Event "ESP-ch U12 rapid"]
[Site "Salobrena"]
[Date "2023.07.16"]
[Round "5"]
[White "Ruiz Lao, Eric"]
[Black "Rodriguez Weber, Ksenia A"]
[Result "1-0"]
[WhiteElo "1336"]
[BlackElo "1193"]
[PlyCount "93"]
[EventDate "2023.07.15"]
[EventType "swiss (rapid)"]
[EventRounds "9"]
[EventCountry "ESP"]
[SourceTitle "EXT 2024"]
[Source "ChessBase"]
[SourceDate "2023.10.10"]
[SourceVersion "1"]
[SourceVersionDate "2023.10.10"]
[SourceQuality "1"]

1. e4 e5 2. Nf3 Nc6 3. Bc4 Bc5 4. c3 Nf6 5. d3 0-0 6. Bb3 d6 7. 0-0 a6 8. Nbd2 Ba7 9. h3 h6 10. Re1 Ne7 11. Nf1 Ng6 12. Ng3 Re8 13. Be3 Be6 14. Bc2 Rf8 15. d4 exd4 16. cxd4 Bd7 17. e5 dxe5 18. dxe5 Nh7 19. Bxg6 fxg6 20. Qb3+ Kh8 21. e6 Bc6 22. Bxa7 Rxa7 23. e7 Qd6 24. exf8Q+ Nxf8 25. Rad1 Qf6 26. Qc3 Qf7 27. Ne5 Qf6 28. Nxc6 Qxc3 29. bxc3 bxc6 30. Re8 Kg8 31. Rdd8 g5 32. Rxf8+ Kh7 33. Ra8 Rb7 34. Rfb8 Rxb8 35. Rxb8 c5 36. Rc8 c6 37. Rxc6 a5 38. Rxc5 a4 39. Ra5 a3 40. c4 Kg6 41. Rf5 h5 42. Rf3 h4 43. Ne4 Kh5 44. c5 g4 45. hxg4+ Kxg4 46. c6 g5 47. Nf6# 1-0

[Event "ESP-ch U12 rapid"]
[Site "Salobrena"]
[Date "2023.07.16"]
[Round "8"]
[White "Xia, Zhe"]
[Black "Ruiz Lao, Eric"]
[Result "1-0"]
[WhiteElo "1483"]
[BlackElo "1336"]
[PlyCount "119"]
[EventDate "2023.07.15"]
[EventType "swiss (rapid)"]
[EventRounds "9"]
[EventCountry "ESP"]
[SourceTitle "EXT 2024"]
[Source "ChessBase"]
[SourceDate "2023.10.10"]
[SourceVersion "1"]
[SourceVersionDate "2023.10.10"]
[SourceQuality "1"]

1. d4 d5 2. c4 e6 3. Nc3 Nf6 4. cxd5 exd5 5. Nf3 c6 6. Bg5 Nbd7 7. e3 Qa5 8. Bxf6 Nxf6 9. Bd3 Bb4 10. Qc2 Bg4 11. a3 Bd6 12. b4 Bxb4 13. Kd2 Bxc3+ 14. Qxc3 Qxc3+ 15. Kxc3 Rc8 16. Rab1 b6 17. Ne5 Be6 18. Kd2 c5 19. dxc5 Rxc5 20. Rhc1 Ra5 21. Bb5+ Ke7 22. Nc6+ Kd6 23. Nxa5 bxa5 24. Rc6+ Ke5 25. f4+ Kf5 26. Bd3+ Ne4+ 27. Bxe4+ Kxe4 28. Rb7 Rd8 29. Rxa7 d4 30. exd4 Rxd4+ 31. Kc2 Kxf4 32. Rxa5 Ke3 33. Re5+ Kf2 34. Rg5 g6 35. Rg3 Ra4 36. Rcc3 Bf5+ 37. Kd2 Rd4+ 38. Kc1 Be4 39. Kb2 Bd5 40. Kc1 Be4 41. Kb2 Bd5 42. Rc2+ Kg1 43. Rh3 h5 44. g4 Rxg4 45. Rd3 Bg2 46. h3 Rg5 47. h4 Rg4 48. a4 Rxa4 49. Rg3 Rxh4 50. Rgxg2+ Kh1 51. Rgd2 Rg4 52. Rf2 f5 53. Kc3 h4 54. Kb2 h3 55. Rh2+ Kg1 56. Rxh3 Rg2 57. Rh6 Rxc2+ 58. Kxc2 Kf2 59. Rxg6 f4 60. Kd3 1-0

[Event "ESP-ch U12 rapid"]
[Site "Salobrena"]
[Date "2023.07.15"]
[Round "2"]
[White "Goni Sierro, Jon"]
[Black "Ruiz Lao, Eric"]
[Result "1-0"]
[WhiteElo "1647"]
[BlackElo "1336"]
[PlyCount "53"]
[EventDate "2023.07.15"]
[EventType "swiss (rapid)"]
[EventRounds "9"]
[EventCountry "ESP"]
[SourceTitle "EXT 2024"]
[Source "ChessBase"]
[SourceDate "2023.10.10"]
[SourceVersion "1"]
[SourceVersionDate "2023.10.10"]
[SourceQuality "1"]

1. e4 e5 2. Nf3 Nc6 3. Bc4 Bc5 4. c3 Nf6 5. d3 d6 6. Bb3 Bb6 7. Nbd2 Bg4 8. h3 Bh5 9. 0-0 Qd7 10. Re1 0-0-0 11. Nf1 h6 12. Ng3 Bg6 13. d4 exd4 14. cxd4 Rhe8 15. d5 Na5 16. Ba4 c6 17. b4 Nc4 18. Qc2 Ne5 19. Nxe5 Rxe5 20. dxc6 bxc6 21. Bxc6 Qc7 22. Bb2 Re6 23. Rac1 Kb8 24. a4 Qe7 25. a5 Bc7 26. Qa4 a6 27. b5 1-0

[Event "ESP-ch U10 Rapid"]
[Site "Salobrena"]
[Date "2022.07.10"]
[Round "9"]
[White "Gonzalo Lera, Jara"]
[Black "Ruiz Lao, Eric"]
[Result "0-1"]
[WhiteElo "1147"]
[BlackElo "1301"]
[PlyCount "50"]
[EventDate "2022.07.09"]
[EventType "swiss (rapid)"]
[EventRounds "9"]
[EventCountry "ESP"]
[SourceTitle "EXT 2023"]
[Source "ChessBase"]
[SourceDate "2022.10.05"]
[SourceVersion "1"]
[SourceVersionDate "2022.10.05"]
[SourceQuality "1"]

1. d4 d5 2. Nf3 Nf6 3. e3 e6 4. Bd3 c5 5. b3 Nc6 6. Bb2 Bd6 7. Nbd2 Qe7 8. 0-0 0-0 9. Re1 e5 10. dxe5 Nxe5 11. Nxe5 Bxe5 12. Bxe5 Qxe5 13. c4 dxc4 14. Nxc4 Qg5 15. Qf3 Qd5 16. e4 Qd4 17. Rad1 Bg4 18. Qf4 Bxd1 19. Rxd1 Rad8 20. Rd2 Qa1+ 21. Bf1 Rxd2 22. Nxd2 Qxa2 23. Qe3 Re8 24. Qg3 Qxd2 25. Qc7 Nxe4 0-1

[Event "ESP-ch U10 Rapid"]
[Site "Salobrena"]
[Date "2022.07.09"]
[Round "2"]
[White "Ruiz Lao, Eric"]
[Black "Echeverria Mendivil, Alex"]
[Result "0-1"]
[WhiteElo "1301"]
[BlackElo "1078"]
[PlyCount "140"]
[EventDate "2022.07.09"]
[EventType "swiss (rapid)"]
[EventRounds "9"]
[EventCountry "ESP"]
[SourceTitle "EXT 2023"]
[Source "ChessBase"]
[SourceDate "2022.10.05"]
[SourceVersion "1"]
[SourceVersionDate "2022.10.05"]
[SourceQuality "1"]

1. e4 e6 2. d4 d5 3. e5 Ne7 4. Nf3 g6 5. Be3 Bg7 6. Bd3 Nd7 7. 0-0 c5 8. c3 c4 9. Bc2 0-0 10. b3 Nb6 11. bxc4 Nxc4 12. Bd3 b5 13. Qb3 a6 14. a4 Bb7 15. axb5 axb5 16. Rxa8 Qxa8 17. Qxb5 Ba6 18. Qb4 Nc6 19. Qb3 N6a5 20. Qd1 Nxe3 21. fxe3 Bxd3 22. Qxd3 Nc4 23. Nbd2 Rc8 24. Qe2 Qa2 25. Re1 Nxd2 26. Qxd2 Qxd2 27. Nxd2 Rxc3 28. e4 f6 29. exd5 exd5 30. e6 Kf8 31. e7+ Ke8 32. Nf3 Rd3 33. Kf2 f5 34. Ke2 Rc3 35. Kd2 Rc4 36. Kd3 Bf6 37. Ne5 Bxe5 38. Rxe5 Rc7 39. Rxd5 Rxe7 40. Re5 Rxe5 41. dxe5 Ke7 42. Kd4 Ke6 43. g3 h6 44. h3 g5 45. g4 f4 46. Ke4 f3 47. Kxf3 Kxe5 48. Ke3 Kd5 49. Kf3 Kd4 50. Kg3 Ke3 51. Kg2 Ke2 52. Kg3 Kf1 53. h4 Ke2 54. h5 Ke3 55. Kg2 Kf4 56. Kh3 Kf3 57. Kh2 Kxg4 58. Kg2 Kxh5 59. Kg3 g4 60. Kg2 Kh4 61. Kh2 Kg5 62. Kg3 h5 63. Kf2 Kf4 64. Kg2 h4 65. Kg1 Kg3 66. Kh1 Kf2 67. Kh2 g3+ 68. Kh1 g2+ 69. Kh2 g1Q+ 70. Kh3 Qg3# 0-1